Melewati siang meniti malam

Bibliographic Details
Main Author: Norhashimah Hashim
Format: Book
Published: Kuala Lumpur : Utusan Publications & Distributors , 1995
Series:Siri Tamu Istimewa Utusan
Subjects:

MARC

LEADER 00000cam a2200000 7i4500
001 0000006063
002 000006553
005 20000330.0
020 |a 9676104973 
090 0 0 |a F   |b NOR 
100 0 |a Norhashimah Hashim 
245 1 0 |a Melewati siang meniti malam   |c Norhashimah Hashim 
260 |a Kuala Lumpur :   |b Utusan Publications & Distributors ,   |c 1995 
300 |a 150p. ;   |c 18cm. 
490 0 |a Siri Tamu Istimewa Utusan 
650 0 0 |a General fiction, Malay 
999 |a 037943   |b BUKU   |c PINJAMAN   |e PERPUSTAKAAN KOMUNITI PETALING JAYA 
999 |a 039654   |b BUKU   |c PINJAMAN   |e PERPUSTAKAAN KOMUNITI PETALING JAYA